[Event "RSA-ch U12"]
[Site "Gauteng"]
[Date "2017.04.07"]
[Round "4"]
[White "Koen, Ivan"]
[Black "Meise, Keagen"]
[Result "1/2-1/2"]
[WhiteElo "1119"]
[BlackElo "1006"]
[PlyCount "61"]
[EventDate "2017.04.05"]
[EventType "swiss"]
[EventRounds "11"]
[EventCountry "RSA"]
[SourceTitle "CBM 177 Extra"]
[Source "ChessBase"]
[SourceDate "2017.04.27"]
[SourceVersion "1"]
[SourceVersionDate "2017.04.27"]
[SourceQuality "1"]

1. d4 d5 2. c4 e6 3. c5 Nf6 4. Nc3 Nc6 5. a3 h6 6. Nf3 Be7 7. Bf4 a6 8. Rb1 Ne4 9. Qc2 Nxc3 10. Qxc3 Bf6 11. e3 Qe7 12. Be2 0-0 13. 0-0 Re8 14. Rfe1 e5 15. dxe5 Bxe5 16. Nxe5 Nxe5 17. Bxe5 Qxe5 18. Qxe5 Rxe5 19. Rbd1 c6 20. Rd4 Bf5 21. Bd3 Bxd3 22. Rxd3 Rae8 23. Rd4 Re4 24. Red1 Rxd4 25. Rxd4 Re4 26. Rxe4 dxe4 27. f3 f5 28. Kf2 Kf7 29. Kg3 Ke6 30. Kf4 Kd5 31. b4 1/2-1/2